Useimmin arvatut Aasian pääkaupungit JetPunkissa - Statistics

Yleistilastot
  • Tätä visaa on pelattu 524 kertaa
  • Keskiarvotulos 8 / 12
Vastaustilastot
% Pääkaupunki % Oikein
96 Tokio
98%
92 Peking
95%
87 New Delhi
81%
81 Bangkok
77%
89 Soul
75%
72 Jakarta
65%
87 Ankara
63%
85 Jerusalem
53%
72 Manila
53%
70 Teheran
49%
79 Singapore
48%
71 Kabul
23%
Ehtoja vastaavia visoja ei löytynyt
Tulosjakauma
Jokaisen tuloksen saaneiden osuus
Persentiili vastausten määrän mukaan
Tuloshistoriasi
Et ole pelannut tätä visaa